000 00551cam a22002291 4500
001 ne 64000838
003 DLC
005 20260227111757.0
008 890620s1961 xx b 000 0 ara
010 _ane 64000838
035 _a(OCoLC)23492275
040 _aDLC
_cMiU
_dDLC
042 _apremarc
043 _af-ml---
050 0 0 _aDT551.8.M35
_bI25
100 1 _aIbrāhīm, Muḥammad ʻAbd al-Munʻim.
245 1 0 _aJumhūrīyat Mālī.
260 _c[1961]
300 _a35 p.
_bmap.
_c19 cm.
500 _aRomanized.
651 0 _aMali.
999 _c46866
_d46866